000 00268nam a22001217a 4500
041 _aENG
100 _aBose.A.N
245 _aAquaculturae Engineering
260 _aNew Delhi
_bOxford &Ibh Pub
_c1998
300 _a365
650 _aSWCE ( 06 )
856 _uSWCE ( 06 )
999 _c2942
_d2942